Missing Word: Fall 2012 Movies Quiz Stats

 Plays Quiz Updated Dec 24, 2018

Support Sporcle.
Go Orange.
Score 0/20 Timer 04:00
1 Play Today
Hint Answer % Correct
The _____ Saga: Breaking Dawn Part 2Twilight
92.9%
Resident _____: RetributionEvil
90.4%
Paranormal _____ 4Activity
86.6%
Les _____Miserables
77.3%
Killing Them _____Softly
70.6%
Won't _____ DownBack
66.6%
_____ KareninaAnna
66.6%
Wreck-it _____Ralph
62.1%
Django _____Unchained
56.8%
The _____ of Being a WallflowerPerks
56.3%
Hint Answer % Correct
Playing for _____Keeps
49.7%
_____ PerfectPitch
47.4%
_____ ReacherJack
45.3%
The Hobbit: An _____ JourneyUnexpected
44.2%
_____ DawnRed
36.7%
_____ AtlasCloud
35.2%
_____ CrossAlex
16.9%
Rise of the _____Guardians
16.4%
The Man with the Iron _____Fists
16.1%
The _____ TripGuilt
13.2%

Today's Daily Dose

From the Vault

World Goat Population

by wasteoflawtime

This quiz isn't so baaaaaaad!
Remove Ads.
Support Sporcle.
Get the best of Sporcle when you Go Orange. This ad-free experience offers more features, more stats, and more fun while also helping to support Sporcle. Thank you for becoming a member.

Show Comments

Extras

Top Quizzes Today


Score Distribution

Your Account Isn't Verified!

In order to create a playlist on Sporcle, you need to verify the email address you used during registration. Go to your Sporcle Settings to finish the process.

Report this User

Report this user for behavior that violates our Community Guidelines.

Details: